000
00244nam a22001097a 4500
008
180802b xxu||||| |||| 00| 0 eng d
082
_a
813.52
245
_a
Hotel Paper
_c
Branch,M
300
_a
1
_f
CD
440
_x
093624842620
942
_2
ddc
_c
MX
999
_c
46708
_d
46708